000 00458nam a2200169Ia 4500
008 221030s9999 xx 000 0 und d
020 _a8120333642
041 _aEnglish
082 _a105.23
100 _aS. W. Dietrich
245 3 _aAn Advanced Course in Database Systems Beyond Relational Databases
_cby S. W. Dietrich, S. D. Urban
260 _bPHI
_aNew Delhi
_c2009
300 _a302
650 _aBE Computer
700 _aS. D. Urban
942 _cBK
999 _c9728
_d9728